00501nam a22001577a 450000500170000001000250001702000260004203500230006803700130009108200080010410000200011224500420013226000420017427001010021630000260031720230310110326.0 aENG-96881 ENG-136366 a9788175347519c800.00 aEN-80414 EN-119898 bDBAD/PUB a347 aLakshmanan, AR. aThe judge speaks :cby AR. Lakshmanan aDelhibUniversal Law Publishingc2009 aC-FF-1A, Dilkhush Industrial Estate,(Opp. Hans Cinema, Azadpur) G.T. Karnal Road,bDelhie110033 axvi,411p.c25cm, (Hb)